Calls mount for NFA abolition/ (Record no. 361654)
[ view plain ]
| 000 -LEADER | |
|---|---|
| fixed length control field | 00548nam a2200169Ia 4500 |
| 008 - FIXED-LENGTH DATA ELEMENTS--GENERAL INFORMATION | |
| fixed length control field | 190425s9999 xx 000 0 und d |
| 100 ## - MAIN ENTRY--PERSONAL NAME | |
| Personal name | Ocampo, Karl R. |
| 245 ## - TITLE STATEMENT | |
| Title | Calls mount for NFA abolition/ |
| 245 ## - TITLE STATEMENT | |
| Statement of responsibility, etc | Karl R. Ocampo, Armand Galang, Tonette Orejas, Nathan Alcantara, Pathricia Ann V. Roxas, Julie M. Aurelio |
| 260 ## - PUBLICATION, DISTRIBUTION, ETC. (IMPRINT) | |
| Name of publisher, distributor, etc | Philippine Daily Inquirer |
| 260 ## - PUBLICATION, DISTRIBUTION, ETC. (IMPRINT) | |
| Date of publication, distribution, etc | 2018 |
| 300 ## - PHYSICAL DESCRIPTION | |
| Extent | September 01 |
| 440 ## - SERIES STATEMENT/ADDED ENTRY--TITLE | |
| Title | Philippine Daily Inquirer |
| 650 ## - SUBJECT ADDED ENTRY--TOPICAL TERM | |
| Topical term or geographic name as entry element | import quotas -- agriculture |
| 650 ## - SUBJECT ADDED ENTRY--TOPICAL TERM | |
| Topical term or geographic name as entry element | rice imports |
| 650 ## - SUBJECT ADDED ENTRY--TOPICAL TERM | |
| Topical term or geographic name as entry element | tariff rates |
| Withdrawn status | Lost status | Damaged status | Home library | Current library | Date acquired | Total Checkouts | Date last seen | Price effective from | Koha item type |
|---|---|---|---|---|---|---|---|---|---|
| 04/25/2019 | 04/25/2019 | 04/25/2019 | Periodicals |